| 000 | 00678nam a2200217Ia 4500 | ||
|---|---|---|---|
| 005 | 20250508163418.0 | ||
| 008 | 008 250505s9999 xx 000 0 eng d | ||
| 020 | _a91-7146-75-8 | ||
| 037 | _aTextual | ||
| 040 |
_aFEDL _beng _cFEDL |
||
| 041 |
_aeng _2eng |
||
| 084 |
_a370.96811, DUN _qFEDL |
||
| 100 |
_aDuncan Wendy A _9775290 |
||
| 245 | 0 | _aEngendering school learning : science, attitudes and achievement among girls and boys in botswana | |
| 245 | 0 | _cInstitute of International Education University of Stockholm | |
| 260 | _c1989 | ||
| 300 | _axv,222p. | ||
| 650 | _aEducation | ||
| 942 |
_cTEXL _h370.96811, DUN |
||
| 999 |
_c1382961 _d1382961 |
||